000 01289cam a2200385 i 4500
999 _c174540
_d174540
001 17947783
003 Nust
005 20180801042602.0
008 130622s2012 ii b 000 0 eng
010 _a 2013334337
020 _a9780143102786
_cRs. 696
025 _aI-E-2013-334337; 28-90
035 _a(IN-NdUBS) 2013334337
037 _bLibrary of Congress -- New Delhi Overseas Office
038 _aArshad
040 _aDLC
_cDLC
_erda
_dDLC
042 _alcode
050 0 0 _aPS3554.E82
_bZ736 2012
082 _a823
_bDES
245 0 0 _aKiran Desai's the inheritance of loss /
_cedited with an introduction by Nilanshu Kumar Agarwal.
246 3 0 _aInheritance of loss
264 1 _aHowrah :
_bRoman Books,
_c2009.
300 _a324 pages ;
_c21 cm
336 _atext
_btxt
_2rdacontent
337 _aunmediated
_bn
_2rdamedia
338 _avolume
_bnc
_2rdacarrier
500 _a"Roman Critical Context."
504 _aIncludes bibliographical references.
600 1 0 _aDesai, Kiran,
_d1971
_tInheritance of loss.
_912187
600 1 0 _aDesai, Kiran,
_d1971
_xCriticism and interpretation.
_912188
700 1 _aAgarwal, Nilanshu Kumar,
_eeditor.
_912189
906 _a7
_bcbc
_corigode
_d3
_encip
_f20
_gy-gencatlg
942 _2ddc
_cBK